Najszybsi zawodnicy w EA Sport FC 2024 - Statystyki

Ogólne statystyki
  • Ten quiz został rozwiązany 236 razy
  • Średni wynik to 7 z 20
Statystyki odpowiedzi
Tempo Piłkarz Kluby % Poprawnych
97 Kylian Mbappe PSG
99%
95 Vinicius Junior Real Madryt
84%
96 Karim Adeyemi BVB
58%
93 Nico Williams Athletic Bilbao
57%
95 Alphonso Davies Bayern
56%
93 Rafael Leao AC Milan
54%
94 Inaki Williams Athletic Bilbao
53%
95 Moussa Diaby Aston Villa
46%
93 Ousmane Dembele PSG
46%
94 Jeremie Frimpong Bayer 04
44%
93 Theo Hernandez AC Milan
32%
93 Louis Openda RB Lipsk
20%
94 Sheraldo Becker Union Berlin
13%
93 Rafa Benfica
11%
93 Daniel James Leeds
8%
93 Hirving Lozano Napoli
5%
94 Ismailla Sarr OM
5%
94 Kevin Schade Brenford
2%
94 Michael Al Hilal
2%
93 Sekou Koita RB Salzburg
0%
Nie znaleziono quizów pasujących do podanych kryteriów
Rozkład punktacji
Procent ludzi z każdym wynikiem
Percentyl według liczby udzielonych odpowiedzi
Twoja historia wyników
Nie rozwiązałeś tego quizu